000 00423nam a2200157Ia 4500
008 210716s2012 xx 000 0 und d
020 _a9780070446878
041 _aeng
082 _a005.43 DASS
100 _aDas, Sumitabha.
245 _aYour unix: the ultimate guide.
_bUltimate guide.
250 _a1
260 _aNew Delhi
_bTata McGraw Hill Education Private Limited
_c2012
300 _aIiv,918
650 _aUnix
999 _c193745
_d193745